<?xml version="1.0" encoding="UTF-8"?>
<record
    xmlns:xsi="http://www.w3.org/2001/XMLSchema-instance"
    xsi:schemaLocation="http://www.loc.gov/MARC21/slim http://www.loc.gov/standards/marcxml/schema/MARC21slim.xsd"
    xmlns="http://www.loc.gov/MARC21/slim">

  <leader>03020nam a2200325   4500</leader>
  <controlfield tag="001">113458</controlfield>
  <controlfield tag="003">DR-UNIBE</controlfield>
  <controlfield tag="005">20250416144030.0</controlfield>
  <controlfield tag="008">250416b1998    dr ||||| |||| 00| 0 spa d</controlfield>
  <datafield tag="040" ind1=" " ind2=" ">
    <subfield code="a">BIBLIOTECA UNIBE</subfield>
    <subfield code="b">spa</subfield>
    <subfield code="c">BIBLIOTECA UNIBE</subfield>
  </datafield>
  <datafield tag="041" ind1=" " ind2=" ">
    <subfield code="a">spa</subfield>
  </datafield>
  <datafield tag="082" ind1=" " ind2=" ">
    <subfield code="2">22</subfield>
    <subfield code="a">RD 343.72930946 C352d</subfield>
  </datafield>
  <datafield tag="100" ind1="1" ind2=" ">
    <subfield code="a">Castillo Pantale&#xF3;n, Juan Miguel</subfield>
    <subfield code="e">autor</subfield>
    <subfield code="9">42244</subfield>
  </datafield>
  <datafield tag="245" ind1="1" ind2="0">
    <subfield code="a">Derecho del tr&#xE1;nsito de la Rep&#xFA;blica Dominicana :</subfield>
    <subfield code="b">responsabilidad civil, legislaci&#xF3;n vigente, jurisprudencia, &#xED;ndice alfab&#xE9;tico /</subfield>
    <subfield code="c">Juan Miguel Castillo Pantale&#xF3;n</subfield>
  </datafield>
  <datafield tag="250" ind1=" " ind2=" ">
    <subfield code="a">Primera edici&#xF3;n</subfield>
  </datafield>
  <datafield tag="260" ind1=" " ind2=" ">
    <subfield code="a">Santo Domingo :</subfield>
    <subfield code="b">Autoridad Metropolitana de Transporte (AMET),</subfield>
    <subfield code="c">1998</subfield>
  </datafield>
  <datafield tag="300" ind1=" " ind2=" ">
    <subfield code="a">455 p&#xE1;ginas</subfield>
  </datafield>
  <datafield tag="505" ind1="0" ind2=" ">
    <subfield code="a">Presentaci&#xF3;n |
Pr&#xF3;logo |
Algunas notas sobre responsabilidades civil en materia de accidentes de tr&#xE1;nsito |
Cronolog&#xED;a de las disposiciones relativas al tr&#xE1;nsito de veh&#xED;culos. Primera parte: 1917-1967 |
Cronolog&#xED;a de las disposiciones relativas al tr&#xE1;nsito de veh&#xED;culos. Segunda parte: 1967-1998 |
Ley 241 sobre tr&#xE1;nsito de veh&#xED;culos |
T&#xED;tulo I. Definiciones |
T&#xED;tulo II. Registro de veh&#xED;culos de motor y remolques |
T&#xED;tulo III. Licencia de conducir |
T&#xED;tulo IV. Accidentes |
T&#xED;tulo V. Disposiciones sobre tr&#xE1;nsito y seguridad |
T&#xED;tulo VI. Equipos de los veh&#xED;culos |
T&#xED;tulo VII. De las dimensiones y peso de los veh&#xED;culos y de sus cargas |
T&#xED;tulo VIII. Servicio p&#xFA;blico. urbano e interurbano |
T&#xED;tulo IX. Sistema de denuncia y citaci&#xF3;n simult&#xE1;neas |
T&#xED;tulo X. Escuela para conductores de veh&#xED;culos de motor |
T&#xED;tulo XI. Veh&#xED;culos de motor conducidos por quien lo alquila |
T&#xED;tulo XII. Suspensiones y cancelaciones de licencias y notificaci&#xF3;n de sentencia |
T&#xED;tulo XIII. Uso de la v&#xED;a p&#xFA;blica por los veh&#xED;culos de motor |
T&#xED;tulo XIV. Disposiciones generales |
T&#xED;tulo XV. Disposiciones transitorias |
Ap&#xE9;ndices|
Ap&#xE9;ndice I. Normas sobre se&#xF1;ales de tr&#xE1;nsito |
Ap&#xE9;ndice II. Normas sobre seguro obligatorio |
Ap&#xE9;ndice III. Normas que crean instituciones reguladoras del tr&#xE1;nsito |
Ap&#xE9;ndice IV. Normas sobre conducci&#xF3;n y comportamiento vial |
Ap&#xE9;ndice V. Normas administrativas especiales |
Ap&#xE9;ndice VI. Normas sobre estacionamiento de veh&#xED;culos |
&#xCD;ndice de materias de las disposiciones de la ley 241, sobre tr&#xE1;nsito de veh&#xED;culos, sus modificaciones y complementos
</subfield>
  </datafield>
  <datafield tag="650" ind1=" " ind2="7">
    <subfield code="2">lemb</subfield>
    <subfield code="a">Derecho civil</subfield>
    <subfield code="z">Rep&#xFA;blica Dominicana</subfield>
    <subfield code="9">4437</subfield>
  </datafield>
  <datafield tag="650" ind1=" " ind2="7">
    <subfield code="2">lemb</subfield>
    <subfield code="a">Responsabilidad civil</subfield>
  </datafield>
  <datafield tag="650" ind1=" " ind2="7">
    <subfield code="2">lemb</subfield>
    <subfield code="a">Jurisprudencia civil</subfield>
    <subfield code="z">Rep&#xFA;blica Dominicana</subfield>
    <subfield code="9">4447</subfield>
  </datafield>
  <datafield tag="650" ind1=" " ind2="7">
    <subfield code="2">lemb</subfield>
    <subfield code="a">Reglamentos del tr&#xE1;nsito</subfield>
    <subfield code="z">Rep&#xFA;blica Dominicana</subfield>
    <subfield code="9">28220</subfield>
  </datafield>
  <datafield tag="650" ind1=" " ind2="7">
    <subfield code="2">lemb</subfield>
    <subfield code="a">Responsabilidad por accidentes de tr&#xE1;nsito</subfield>
  </datafield>
  <datafield tag="650" ind1=" " ind2="7">
    <subfield code="2">lemb</subfield>
    <subfield code="a">Infracciones de tr&#xE1;nsito</subfield>
    <subfield code="9">52915</subfield>
  </datafield>
  <datafield tag="650" ind1=" " ind2="7">
    <subfield code="2">lemb</subfield>
    <subfield code="a">Tr&#xE1;nsito</subfield>
    <subfield code="x">Legislaci&#xF3;n</subfield>
    <subfield code="z">Rep&#xFA;blica Dominicana</subfield>
    <subfield code="9">194365</subfield>
  </datafield>
  <datafield tag="651" ind1=" " ind2="7">
    <subfield code="2">lemb</subfield>
    <subfield code="a">Rep&#xFA;blica Dominicana</subfield>
    <subfield code="x">Ley no. 241</subfield>
    <subfield code="9">194326</subfield>
  </datafield>
  <datafield tag="700" ind1="1" ind2=" ">
    <subfield code="a">Hermann, Hamlet</subfield>
    <subfield code="e">presentaci&#xF3;n</subfield>
    <subfield code="9">194327</subfield>
  </datafield>
  <datafield tag="700" ind1="1" ind2=" ">
    <subfield code="a">Yermenos Forastieri, Pedro P.</subfield>
    <subfield code="e">prologuista</subfield>
    <subfield code="9">194328</subfield>
  </datafield>
  <datafield tag="942" ind1=" " ind2=" ">
    <subfield code="2">ddc</subfield>
    <subfield code="c">BK</subfield>
  </datafield>
  <datafield tag="999" ind1=" " ind2=" ">
    <subfield code="c">113458</subfield>
    <subfield code="d">113458</subfield>
  </datafield>
  <datafield tag="952" ind1=" " ind2=" ">
    <subfield code="0">0</subfield>
    <subfield code="1">0</subfield>
    <subfield code="2">ddc</subfield>
    <subfield code="7">0</subfield>
    <subfield code="8">GEN-RD</subfield>
    <subfield code="a">Principal</subfield>
    <subfield code="d">2025-02-16</subfield>
    <subfield code="l">0</subfield>
    <subfield code="o">RD 343.72930946 C352d</subfield>
    <subfield code="p">250359</subfield>
    <subfield code="r">2025-04-16 14:43:02</subfield>
    <subfield code="t">Ej. 1</subfield>
    <subfield code="w">2025-04-16</subfield>
    <subfield code="y">BK</subfield>
  </datafield>
</record>
